00797 a2200229 450000500170000001000140001702000260003103500130005703700130007008200110008310000190009424500520011326000480016527000790021330000230029265000320031565000380034770000090038594200300039499900170042495201260044120100810101119.0 aENG-99281 c100.00a9788190793599 aEN-82813 bDBAD/PUB a004.22 aKala, K.99922 aBasic computer system achitecture /cby K. Kala aKarakudi bNitheesh Praba Pathippahamc2009 a55/1 Ralway-College Road, Sivaganga District, TamilnadubKarakudi e630003 a232 p.c22cm.(pbk) aComputer architecture99923 aElectronic digital computer99924 99757 adplcEN2ddcmKALh004.22 c40570d40570 001040718NFICaDBADbDBADd2010-08-10g100.00l0o004.22 KALpEN-82813r2010-08-10 00:00:00t1v100.00w2010-08-10yEN